000 01705nam a2200325Ia 4500
001 D5349
003 IT-RoPAU
008 130308s9999 xx 000 0 und d
040 _aIT-RoPAU
040 _cIT-RoPAU
041 _aITALIANO
100 _aDenzinger Heinrich
100 _gCodice Aut. SPICS: 45373
245 _aEnchiridion symbolorum definitionum et declarationum de rebus fidei et morum
245 _bEnchiridion Symbolorum Definitionum et Declarationum de Rebus fidei et Morum
250 _a1a ed.
260 _aBOLOGNA
260 _bEDB - Edizioni Dehoniane
260 _c1995 [1° Ed.:1995 - Ed.Ling.Originale:1991]
300 _a"2298 p. (prefazione: 68; testo: 2230)"
500 _a"Testi dei Simboli, Definizioni e Dichiarazioni del Magistero Ecclesiasticoin materia di fede e Morale. Edizione bilingue in Italiano e Latino. versione Dalla Xxxvii Edizione tedesca a cura di Peter Hunermann. Edizione Originale del 1854. professioni di fede semplici e Composte. Formule Occidentali: Simbolo Apostolico, Formule brevi D'Interrogazione del Simbolo Battesimale. Formule Orientali: Simboli Locali, Simboli contenuti in raccolte Orientali di Canoni. Documentari del Magistero della Chiesa Dalla lettera Ai Corinzi (96 D.C.) di Clemente romano Alla ""Christifideles Laici"" di Giovanni Paolo Ii del 30 Dicembre 1988. indice Sistematico. indice Biblico. indice dei Documenti. indice di Persone e Temi. tavola delle Concordanze dei Numeri Marginali."
650 _aTESTI DI DOCUMENTI ECCLESIASTICI
650 _eCodice materia Spics: 9101
700 _aHunermann Peter
700 _gCodice Aut. SPICS: 45374
942 _cBK
957 _71
999 _c75698
_d75698
999 _bSI
999 _g1